000 00363nam a2200133Ia 4500
008 220217s9999||||xx |||||||||||||| ||und||
020 _a0-07-46366-9
082 _a005.13 JER
100 _aJerke, Noel
_91342
245 0 _aCompete reference visual basic 6
260 _aTata mcgraw hill
_bNew Delhi
_c2002
300 _b395
650 _aPROGRAMMING LANGUAGE
999 _c172267
_d172267